00541nam a2200181Ia 4500008004100000020001800041082000800059100002500067245006100092250000600153260002900159300001000188500002400198650002300222942000700245952009000252999001700342230524s9999 xx 000 0 und d a9780143417347 bBRA aLouis Brawley941741 0aNo More Questions The Final Travels of U.G. Krishnamurti a1 aNew DelhibPenguinc2012 a381p; aQuantity Number: 1 aMisalliance941742 cBK 00104070aTATCLbTATCLcGENd2023-05-24l0o BRAp53425r2023-05-24w2023-05-24yBK c56194d56194